[Event "Igualada"]
[Site "Igualada"]
[Date "2005.08.23"]
[Round "6"]
[White "Beliavsky, Alexander G"]
[Black "Volokitin, Andrei"]
[Result "0-1"]
[WhiteElo "2599"]
[BlackElo "2671"]
[Annotator "Finkel,A"]
[PlyCount "68"]
[EventDate "2005.08.17"]
[EventType "tourn"]
[EventRounds "6"]
[EventCountry "ESP"]
[EventCategory "16"]
[SourceTitle "CBM 109"]
[Source "ChessBase"]
[SourceDate "2005.11.14"]
[SourceVersion "1"]
[SourceVersionDate "2005.11.14"]
[SourceQuality "1"]

1. d4 Nf6 2. c4 e6 3. Nf3 b6 4. g3 Ba6 5. b3 Bb4+ 6. Bd2 Be7 7. Nc3 O-O 8. Qc2
{Favorite continuation of Bosnian grandmaster Nikolic, which was used by
Beliavsky on a couple of occasions.} (8. Bg2 {is considered to be the main
line.}) 8... c5 $5 {Volokitin is looking for complications. Black doesn't
experience any particular problems after natural} (8... d5 {since in some
lines he may gain a tempo by pushing c5 in just one move (normally in this
structure black is forced to play c7-c6 in the opening to support d5).}) 9. d5
(9. dxc5 bxc5 10. e4 Nc6 11. Rd1 d6 12. Bg2 Nd7 13. O-O Nde5 14. Ne2 Bb7 15.
Ne1 Nd7 $13 {Krysztofiak,M-Ibrahimov,R/Warsaw 2005}) 9... exd5 10. cxd5 b5 (
10... d6 $6 11. e4 Bxf1 12. Kxf1 Nbd7 13. Kg2 Re8 14. Rhe1 Bf8 15. Rad1 a6 16.
a4 Qc7 17. h3 Qb7 18. Rb1 $14 {Novikov,I-Gurevich,V/Kherson 1989}) 11. Rd1 $6 {
Beliavsky doesn't want to enter theoretical discussions with better prepared
opponent, even though it was an only way to test black's idea:} (11. e4 b4 $5
12. Bxa6 bxc3 $1 13. Bb7 cxd2+ 14. Kf1 $5 ({Less clear} 14. Nxd2 Na6 15. Bxa6
Nxe4 16. Qxe4 (16. Nxe4 Qa5+ 17. Kf1 Qxa6+ 18. Kg2 f5 $15) 16... Bf6 17. O-O-O
(17. O-O $2 Bxa1 18. Rxa1 Qf6 $17) 17... Qa5 18. Qc4 Qxa2 19. Rdf1 Rfe8 $44 {
with good compensation for a piece.}) 14... Nc6 15. dxc6 Rb8 16. Nxd2 dxc6 17.
Ba6 $14 {and white is better. After a move in the game black seizes initiative
and white has to find quite a few precise moves to keep the balance.}) 11... b4
12. Na4 (12. d6 Bxd6 13. Ne4 Nxe4 14. Qxe4 Nc6 $15) 12... Re8 13. d6 $1 ({
Of course not} 13. Nxc5 $6 Qc7 14. Rc1 Rc8 15. Be3 Nxd5 $36 {[%csl Rc2,Re1,Re3]
and all white pieces are hanging.}) 13... Bxd6 14. Bxb4 cxb4 15. Rxd6 Ne4 (
15... Qe7 16. Rd2 d6 17. Bg2 Bb7 18. O-O Nbd7 19. Qc7 Rab8 $11) 16. Rd4 Ng5 $5
{Interesting attempt, but Beliavsky is on guard.} 17. Nxg5 Qxg5 18. Qd2 $1 {
[%cal Ga4c5] Very important multiple purpose move.} (18. Bg2 $6 Rxe2+ (18...
Nc6 $5) 19. Qxe2 Bxe2 20. Bxa8 Bb5 $17) 18... Qg6 $6 {Now the knight jumps in
to c5.} (18... Qh5 $5 $36) 19. Nc5 $1 Bb5 20. e4 Na6 $1 21. Bxb5 (21. Nxa6 $4
Rxe4+ 22. Rxe4 Qxe4+ 23. Qe3 Qxh1 $19) 21... Nxc5 22. O-O $6 {White keeps the
balance after a move in the game, but it was safer to play} (22. f3 a5 (22...
Qb6 23. Be2 d5 24. Rxd5 Rad8 25. Bc4 $13) 23. O-O Qb6 24. Bc4 Ne6 25. Bxe6 dxe6
26. Kg2 $11 {with drawish position.}) 22... Nxe4 23. Qxb4 Rab8 $36 24. Re1 (24.
Qa5 $5 Qh5 25. a4 Ng5 26. Rxd7 Nf3+ 27. Kg2 Nh4+ 28. gxh4 Qg4+ 29. Kh1 $11)
24... Ng5 25. Rxe8+ Rxe8 26. Bxd7 $2 {Underestimating black's attacking
potential.} (26. Rxd7 Qb1+ 27. Kg2 Qf5 28. Kg1 $13) 26... Nf3+ 27. Kg2 Nxd4 28.
Bxe8 Qe4+ 29. Kh3 (29. Kg1 Nf3+ $19) 29... g5 $1 $19 {[%csl Re8,Rh3]} 30. Bd7
f5 $2 {Throwing away a win, while after correct} (30... h5 $1 {white is
defenseless:} 31. Qc5 (31. Qd6 Qh1 32. Qa6 (32. Qxd4 Qf1#) 32... Nf3 33. Qc8+
Kg7 34. Qc3+ f6 $19) 31... g4+ 32. Kh4 Nf3+ 33. Kxh5 Qg6# {it's important to
mention that black is deprived of this possibility when the pawn is on f5.})
31. f3 $2 {Refusing to take a gift!} (31. Qc5 $1 $11) 31... g4+ $19 32. fxg4
Qxg4+ 33. Kg2 Qf3+ 34. Kh3 Qf1+ (34... Qf1+ 35. Kh4 Nf3+ 36. Kh5 Qh3+ 37. Qh4
Nxh4 $19) 0-1

[Event "Lvov Cup of Galychina"]
[Site "Lvov"]
[Date "2001.12.24"]
[Round "7"]
[White "Levin, Felix"]
[Black "Romanishin, Oleg M"]
[Result "1/2-1/2"]
[WhiteElo "2531"]
[BlackElo "2575"]
[Annotator "Finkel,A"]
[PlyCount "114"]
[EventDate "2001.12.18"]
[EventType "tourn"]
[EventRounds "11"]
[EventCountry "UKR"]
[EventCategory "11"]
[SourceTitle "CBM 087"]
[Source "ChessBase"]
[SourceDate "2002.03.21"]
[SourceVersion "1"]
[SourceVersionDate "2002.03.21"]
[SourceQuality "1"]

1. d4 Nf6 2. c4 e6 3. Nf3 b6 4. g3 Ba6 5. Nbd2 Bb4 6. Qc2 Bb7 {Bishop goes
back in order to come to e4.} 7. Bg2 Be4 8. Qd1 O-O 9. O-O Bxd2 10. Qxd2 ({
Interesting plan was demonstrated in the following game:} 10. Bxd2 d6 11. b4
Qe7 12. a4 c5 13. dxc5 dxc5 14. b5 a5 15. Ra2 Nbd7 16. Bc3 Rad8 17. Qa1 Rfe8
18. Rd2 $14 {and white got better chanses; Nemet,I-Huss,A/SWZ-GP 1990/CBM 17})
10... a5 {Usefull move preventing b4. Once white transfers b4 black may
exchange major pieces over the a-file.} (10... d6 11. b3 Nbd7 12. Bb2 Qe7 (
12... Qb8 13. Rac1 a5 14. a3 b5 15. c5 h6 16. Bh3 Bd5 17. Qd3 $14 {Blees,
A-Romanishin,O/Kecskemet 1989}) 13. Rfe1 Rfd8 14. Rad1 a5 15. Qc3 c5 16. Nh4
Bxg2 17. Nxg2 cxd4 18. Qxd4 Nc5 19. Ne3 $14 {Buhr,C-Gustafsson,J/Hamburg 1999/
CBM 68}) 11. b3 d6 (11... a4 12. Ba3 d6 13. Rfd1 Nbd7 14. Bf1 Re8 15. Nh4 Bb7
16. f3 d5 17. Qc2 c5 $132 {Topalov,V-Adams,M/Dortmund 1999/CBM 72}) 12. Bb2
Nbd7 13. Rfd1 (13. Rac1 a4 14. b4 a3 15. Ba1 b5 16. cxb5 Qb8 17. Ne5 Bxg2 18.
Nxd7 Nxd7 19. Kxg2 Qxb5 20. Rxc7 $14 {Tal,M-Bronstein,D/Tallinn 1981/MCL}) (13.
Rfe1 a4 14. Bf1 h6 15. Qc3 Bb7 16. Nd2 c5 17. e4 cxd4 18. Qxd4 Nc5 19. Bg2 $14
{Hellsten,J-Hansen,S/Germany 2000}) (13. Nh4 Bxg2 14. Nxg2 a4 15. Qc2 c5 16.
Ne3 cxd4 17. Bxd4 axb3 18. axb3 Qc7 $11 {Huebner,R-Lobron,E/Munich 1991/CBM 23}
) 13... h6 (13... Qb8 14. Ne1 Bxg2 15. Nxg2 b5 16. f3 Qb6 17. Rac1 bxc4 18.
Rxc4 Rfb8 19. Rdc1 Ne8 $14 {Gruvaeus,C-Agrest,E/Orebro 2000/CBM 77}) 14. Qc3
Re8 15. Bh3 {Preparing the retreat of the knight followed by e4.} Bh7 16. Nd2 {
Without the knights it's very difficult for white to break extremly solid
position of black, so deserved attention a plan which would leave the knights
on the board.} Ne4 17. Nxe4 Bxe4 18. f3 Bg6 (18... Bb7 $6 19. e4 Qe7 20. a3 f6
21. Bg2 e5 $14) 19. e4 Qe7 20. a3 f6 (20... e5 $2 21. Bxd7 Qxd7 22. dxe5 Rxe5
23. Qxe5 $18 {[%cal Gd1d7]}) 21. b4 e5 22. d5 ({Nothing promises} 22. c5 axb4
23. axb4 Rxa1 24. Bxa1 dxc5 25. dxc5 Nf8 26. cxb6 cxb6 $132 {and black easily
holds.}) 22... Ra7 $5 $132 {Starting the fight over the a-file.} 23. Qe1 Rea8
24. Bc3 Bh5 25. Bg4 (25. Be6+ Kh8 26. Kg2 axb4 27. axb4 Nf8 28. Bh3 Nh7 {
[%cal Gh7g5]} 29. Rxa7 Rxa7 30. Ra1 Rxa1 31. Qxa1 Ng5 $11) 25... Bxg4 26. fxg4
Qe8 27. Rdb1 axb4 28. axb4 Rxa1 29. Rxa1 Rxa1 30. Bxa1 (30. Qxa1 $2 Qg6 {
[%csl Re4,Rg4]} 31. Qa8+ Nf8 32. Qc8 Qxe4 $19) 30... Nf8 31. Bc3 Qa4 32. Qb1
Qa3 33. Qb2 Qa4 34. Qb1 Nd7 35. Be1 Qa3 {The only chanse to play for win is to
transfer b5 sooner or later. But also after} (35... b5 $5 36. cxb5 Qxb5 37. Qc2
$11 {white has no problems to hold.}) 36. Kf2 Nf8 37. Ke2 Nh7 38. h4 Nf8 {
Till the end of the game black tries to shatter white's position, but without
success.} 39. Qd3 Qa2+ 40. Bd2 Nd7 41. Kf3 Kf7 42. Ke2 Ke7 43. Kd1 Kd8 44. Ke2
Qa1 45. Be1 Nb8 46. Bd2 Qa2 47. Qc3 Na6 48. g5 hxg5 49. hxg5 fxg5 50. Kf3 Qb1
51. Bxg5+ Ke8 52. Bd2 Nb8 53. Qa3 Qf1+ 54. Ke3 Nd7 55. Qa8+ Ke7 56. Qg8 Qf6 57.
Be1 Qg6 1/2-1/2

[Event "RUS-ch U20"]
[Site "Nojabrsk"]
[Date "2005.03.06"]
[Round "5"]
[White "Andreikin, Dmitry"]
[Black "Tomashevsky, Evgeny"]
[Result "1-0"]
[WhiteElo "2472"]
[BlackElo "2540"]
[Annotator "Finkel,A"]
[PlyCount "143"]
[EventDate "2005.03.02"]
[EventType "tourn"]
[EventRounds "11"]
[EventCountry "RUS"]
[EventCategory "11"]
[SourceTitle "CBM 106"]
[Source "ChessBase"]
[SourceDate "2005.06.06"]
[SourceVersion "1"]
[SourceVersionDate "2005.06.06"]
[SourceQuality "1"]

1. d4 Nf6 2. c4 e6 3. Nf3 b6 4. g3 Ba6 5. b3 d5 6. Bg2 dxc4 7. Ne5 Bb4+ 8. Kf1
Bd6 9. Nxc4 Nd5 10. e4 Ne7 (10... c6 11. Kg1 Bxc4 12. bxc4 Nc7 13. Bb2 O-O 14.
Nd2 $16 {Sokolov,A-Detter,P/Cappelle la Grande 1994}) 11. Bb2 (11. Bf3 Nbc6 12.
Kg2 Bxc4 13. bxc4 e5 14. d5 Nd4 15. Be3 c5 16. Nd2 O-O 17. Nb3 Qc7 $13 {
Jasnikowski,Z-Lau,R/Polanica Zdroj 1986}) (11. Kg1 Bxc4 12. bxc4 O-O 13. Bb2
Nbc6 14. Nd2 e5 15. d5 Na5 16. Bh3 f5 17. exf5 Nxf5 $132 {Burmakin,V-Podlesnik,
B/Ljubljana 1996}) (11. e5 $2 Bxe5 12. Bxa8 Qxd4 13. Qxd4 Bxd4 14. Nc3 Bxc3 15.
Rb1 c6 $17) 11... Nbc6 12. Nbd2 (12. Kg1 b5 13. Ne3 e5 14. d5 Na5 15. Bf1 Qc8
16. b4 Bxb4 17. Bxe5 f6 18. Bc3 Bxc3 19. Nxc3 $16 {Postl,A-Gerhold,M/Austria
1999}) 12... e5 (12... O-O 13. Kg1 b5 14. Nxd6 $1 cxd6 15. h4 Qb6 (15... Rc8
16. h5 h6 17. Rh4 Qb6 18. d5 Ne5 19. Nf1 b4 20. Bd4 Qb7 21. Ne3 $14 {Tratar,
M-Podlesnik,B/Grize 2001}) 16. h5 {[%cal Gh1h4,Gh4g4]} h6 17. d5 $14 {Kasparov,
G-Gelfand,B/Novgorod 1997}) (12... b5 13. Nxd6+ cxd6 14. d5 Ne5 15. dxe6 fxe6
16. Nf3 N7c6 17. Bh3 Qe7 18. Nxe5 dxe5 19. Rc1 $14 {Stojanovic,M-Podlesnik,B/
Budva 2003}) 13. d5 Na5 (13... Nd4 14. Nf3 c5 15. Kg1 Bxc4 16. bxc4 O-O 17. h4
Nc8 18. Bh3 Re8 19. Kg2 Bf8 20. Rc1 Nd6 $132 {Huzman,A-Kasparov,G/Tel Aviv 1998
}) 14. Rc1 $5 {A new idea in the well-known position. White intends to take on
c4 with the rook.} (14. Kg1 Nxc4 15. Nxc4 Bxc4 16. bxc4 O-O 17. Bh3 f5 18. Kg2
Qe8 19. Rf1 f4 20. f3 Kh8 21. a4 $14 {Kasparov,G-Atlas,V/Catonsville 1997})
14... O-O 15. Kg1 Nxc4 16. Nxc4 Bxc4 (16... f6 $5 17. Bh3 Bc8 18. Bxc8 Rxc8 19.
Kg2 b5 20. Na5 c5 21. dxc6 (21. Nb7 Qb6 22. Nxd6 Qxd6 23. Qe2 a6 $13) 21... Bb4
22. Nb7 Qb6 $11) 17. Rxc4 f5 (17... c6 $5 18. dxc6 Rc8 19. Qc2 b5 20. Rc3 Qb6
$11) 18. Bh3 {White has to bring the rook into play.} fxe4 19. Kg2 Bc5 20. Rf1
c6 21. Rxe4 Nxd5 22. Qe2 (22. Rxe5 $2 {[%csl Rd1]} Rxf2+ 23. Rxf2 Ne3+ 24. Rxe3
Qxd1 $19) 22... Bd4 $1 $11 {It seems that black succeeded to reach an equality.
} (22... Bd6 23. Bxe5 Bxe5 24. Rxe5 Kh8 25. Kg1 Nf6 26. Bg2 $14 {[%cal Gg2a8]})
23. Bxd4 exd4 24. Rxd4 Kh8 25. Qd2 Qf6 26. Kg1 $1 {[%cal Gh3g2]} Rae8 $2 (26...
Rad8 27. Rd1 a5 28. Bg2 Rd6 $11) 27. Bg2 Re2 (27... Ne7 28. Rd6 Qf5 29. Bxc6
Nxc6 30. Rxc6 $16) (27... Nc7 {[%cal Gc6c5,Gc7e6,Ge6d4]} 28. Rf4 Qe6 29. Re4 $1
Qf6 (29... Qf7 30. Rxe8 Qxe8 31. Qd6 $16) 30. Rxe8 Nxe8 31. Qd7 $16) (27... Rd8
28. Bxd5 cxd5 29. Rxd5 Rxd5 30. Qxd5 Qb2 31. a4 h6 $16) 28. Qxe2 $16 Qxd4 29.
Qa6 {[%csl Ra7,Rc6] Black is forced to give up a pawn, but nevertheless he
keeps the drawing chances.} b5 30. Qxc6 Nc3 31. a3 b4 32. axb4 (32. a4 $5 Qe5
$14 {[%csl Ge1]}) 32... Qxb4 33. Qa6 Qd4 (33... Qxb3 34. Qxa7 $16) 34. Qc4 Qxc4
35. bxc4 Rc8 36. Ra1 Rxc4 37. Rxa7 g6 $6 {[%csl Rg6][%cal Gc3e4,Ge4f6]} (37...
Kg8) 38. Re7 $1 Rd4 (38... Rc5 39. h4 Nb5 {[%cal Gc5c7,Gh8g7]} 40. Bf1 $1 Nd6 (
40... Rc7 $4 41. Re8+ Kg7 42. Bxb5) 41. Kg2 Nf5 42. Rd7 Re5 43. Bd3 Ne7 $16 (
43... Re7 $2 44. Bxf5 $18)) 39. Bf3 Nb5 40. h4 Nd6 41. h5 Nf5 (41... gxh5 42.
Bxh5 Re4 43. Rd7 Nf5 44. Kg2 Re7 $16) 42. Rf7 Kg8 43. Ra7 Rd6 44. Be2 Rd8 $6 (
44... gxh5 $5) 45. g4 Nd4 46. Bc4+ Kh8 47. h6 $18 {[%csl Rh8]} Nc6 48. Rc7 Ne5
49. Be6 Rf8 50. g5 Nd3 51. Bf7 Ne5 52. Bd5 Nd3 53. f3 Nf4 54. Bc4 Nh3+ 55. Kg2
Nf4+ (55... Nxg5 56. Bd5 $1 {[%csl Rg5]} Nxf3 57. Bxf3 Rd8 58. Bd5 $18 {
[%cal Gg2e7]}) 56. Kg3 Nh5+ 57. Kf2 Nf4 58. Kg3 Nh5+ 59. Kh2 Nf4 60. Re7 Nh5
61. Re4 Nf4 62. Rd4 Nh5 63. Bf7 $1 Rb8 64. Kh3 Ra8 65. Kg4 Rc8 66. Re4 Rf8 67.
Re8 Rxe8 68. Bxe8 Kg8 69. f4 Kf8 (69... Kh8 70. f5 $18) 70. Ba4 Kg8 71. Bc2 {
[%cal Gf4f5]} Kf7 72. Bb3+ 1-0

[Event "Poikovsky Karpov 06th"]
[Site "Poikovsky"]
[Date "2005.03.03"]
[Round "5"]
[White "Bologan, Viktor"]
[Black "Sadvakasov, Darmen"]
[Result "1-0"]
[WhiteElo "2683"]
[BlackElo "2635"]
[Annotator "Finkel,A"]
[PlyCount "147"]
[EventDate "2005.02.26"]
[EventType "tourn"]
[EventRounds "9"]
[EventCountry "RUS"]
[EventCategory "18"]
[SourceTitle "CBM 106"]
[Source "ChessBase"]
[SourceDate "2005.06.06"]
[SourceVersion "1"]
[SourceVersionDate "2005.06.06"]
[SourceQuality "1"]

1. d4 Nf6 2. c4 e6 3. Nf3 b6 4. g3 Ba6 5. b3 Bb4+ 6. Bd2 Be7 7. Bg2 c6 8. Bc3
d5 9. Ne5 Nfd7 10. Nxd7 Nxd7 11. Nd2 O-O 12. O-O Nf6 13. e4 b5 14. exd5 {
Relatively new idea, which was introduced by Kramnik in his game against Leko
in Dortmund.} (14. Re1 dxe4 15. Qc2 {has been tested many times before, but
black does not experience any problems here.}) 14... exd5 (14... cxd5 15. c5 (
15. Re1 bxc4 16. bxc4 Bxc4 17. Nxc4 Qc8 18. Qa4 Rb8 19. Qxa7 Qxc4 $15 {Ibraev,
N-Pedersen,N/Bled 2002}) 15... b4 16. Bxb4 Bxf1 17. Bxf1 $16 {Anand,V-Adams,M/
Wijk an Zee,2005}) 15. Re1 {'Gershon: 'White's idea is that he deprived black
of the simplifying idea: dxe4, and wants to exploit his spatial advantage. ''}
Rb8 (15... dxc4 16. bxc4 Qc7 17. c5 Rfe8 18. Qb3 Bf8 19. Qa3 Rxe1+ 20. Rxe1 Bc8
21. Ba5 Qb7 22. Bd8 Nd5 23. Bxd5 cxd5 24. Qa5 Be6 $11 {Bologan,V-Macieja,B/
Izmir 2004}) 16. a3 (16. c5 Bc8 $1 (16... b4 17. Bb2 Bb5 18. a3 bxa3 19. Rxa3
a6 20. Bh3 Re8 21. Bc3 Rb7 22. Ba5 $14 {Zueger,B-Summermatter,D/Arosa 1990})
17. Nf3 Ne4 18. Ne5 Nxc3 19. Qd3 Qc7 20. Qxc3 Re8 21. a4 b4 $11 {Kramnik,
V-Leko,P/Dortmund 2004}) 16... Re8 17. c5 Bc8 {The bishop has nothing to do a6
so it's transferred to the kingside.} 18. b4 (18. h3 $6 a5 $1) 18... Qc7 19. a4
a6 20. axb5 axb5 21. Nb3 (21. h3 Bf5 22. g4 Bg6 23. Nf3 Be4 24. Ne5 Bxg2 25.
Kxg2 Ne4 $132) 21... Bf5 22. Bd2 (22. Ra6) 22... Ra8 23. Bf4 Qd7 {Just as in
the game Kramnik-Leko black doesn't experience any problems.} 24. Re2 h6 25.
Rea2 Rxa2 26. Rxa2 g5 27. Be5 Ne4 $36 28. Qa1 {[%csl Re5] The only way to keep
the bihop alive is by bringing it to b6.} f6 29. Ra7 Qe6 30. Bc7 Bf8 $1 31. Ra2
Qc8 $5 32. Bb6 {[%csl Rb6]} g4 33. Re2 Ng5 (33... h5 34. Qc1 Kh7 35. Qf1 Bh6
36. f3 gxf3 37. Bxf3 Bg4 38. Re1) 34. Rxe8 Qxe8 35. Bc7 Qe2 36. Bf4 Nf3+ (36...
Be4 37. Bxg5 Bxg2 38. Kxg2 hxg5 39. Qb1 Kf7 40. Na5 $11) 37. Bxf3 gxf3 (37...
Qxf3 38. Nd2 Qe2 39. Be3 $11) 38. h4 Bc2 39. Na5 Bd1 40. Qc3 Qe6 41. Qd3 Bc2
42. Qf1 h5 43. Kh2 Kh7 44. Qc1 Be4 45. Nb3 Qg4 46. Nd2 Bf5 47. Qh1 $1 Qh3+ (
47... Be4 48. Qe1 Bf5 49. Kg1 Bd3 50. Qe8 Bg7 51. Qe3 Be2 52. Kh2 $14) 48. Kg1
Qxh1+ 49. Kxh1 Kg6 50. Kg1 Bg4 (50... Be4 $2 51. Nxe4 dxe4 52. d5 $18 {[%cal
Gc5c8]}) 51. Kf1 Kf5 52. Ke1 Bg7 53. Kd1 Ke6 54. Kc1 Kd7 55. Kb2 Ke6 56. Kc3 f5
57. Kd3 Bf8 58. Ke3 Bg7 59. Nb3 Kd7 60. Na5 Bf8 61. Bg5 Kc7 62. Nb3 Kd7 63. Nc1
Bg7 64. Nd3 Ke6 65. Bf4 Kd7 66. Kd2 Ke6 67. Kc3 Kd7 68. Be5 Bh6 69. Bh8 $5 (69.
Bf6) 69... Kc7 $2 (69... f4 $1 70. gxf4 (70. Be5 fxg3 71. Bxg3 Bg7 $11) 70...
Ke6 71. Be5 (71. Ne5 $6 Bxf4 72. Nxc6 $2 Bg3 $19) (71. Kd2 Bf5 $11 72. Be5 $140
Bxd3 73. Kxd3 Kf5 74. Ke3 Bf8 75. Kxf3 Be7 $11) 71... Bf5 $11) 70. Bf6 Kd7 71.
Ne5+ Kc7 (71... Ke6 72. Bg5 $1 Bxg5 73. hxg5 f4 74. gxf4 Bf5 75. Nxf3 $18) 72.
Kd3 Kb7 73. Nf7 Bf8 $2 (73... Bc1 74. Bg5 $1 Bb2 75. Be3 {[%csl Rb2]} Kc7 76.
Ne5 {[%cal Ge5g6,Gg6f4,Gd3d2,Gf4d3]} Kb7 77. Kc2 Ba1 78. Nd3 $18) 74. Nd8+ 1-0

[Event "WchT 5th"]
[Site "Yerevan"]
[Date "2001.10.14"]
[Round "3.4"]
[White "Stamenkov, Vanco"]
[Black "Sakaev, Konstantin"]
[Result "0-1"]
[WhiteElo "2378"]
[BlackElo "2639"]
[Annotator "Finkel,A"]
[PlyCount "94"]
[EventDate "2001.10.12"]
[EventType "team-tourn"]
[EventRounds "9"]
[EventCountry "ARM"]
[SourceTitle "CBM 086"]
[Source "ChessBase"]
[SourceDate "2002.02.05"]
[SourceVersion "1"]
[SourceVersionDate "2002.02.05"]
[SourceQuality "1"]
[WhiteTeam "Macedonia"]
[BlackTeam "Russia"]
[WhiteTeamCountry "MKD"]
[BlackTeamCountry "RUS"]

1. d4 Nf6 2. Nf3 e6 3. c4 b6 4. g3 Ba6 5. b3 b5 6. cxb5 Bxb5 7. Bg2 Bc6 8. O-O
a5 (8... Be7 9. Nc3 (9. Bg5 O-O 10. Nc3 (10. Bxf6 Bxf6 11. Nc3 d5 $1 12. Qc2 a5
13. e4 dxe4 14. Nxe4 Bxe4 15. Qxe4 Ra6 16. Rac1 Rd6 $1 17. Rc4 c6 18. Ne5 Qb6
$10 {Alterman,B-Karpov,An/Tyniste n. Orlici/1995/0:1/59/}) 10... Nd5 11. Bxe7
Qxe7 12. Qc2 Nxc3 13. Qxc3 a5 14. a3 $14) 9... O-O 10. Bb2 a5 11. Ne1 d5 $5 12.
Nd3 Nbd7 13. Rc1 Bd6 14. Rc2 a4 15. bxa4 Nb6 $10 {Duchov,A-Kiselev,S/Moscow/
1992/0,5/36/}) 9. Bg5 (9. a3 Qc8 10. Nbd2 (10. Nc3 Qb7 11. Re1 Ne4 12. Qc2 Ra6
13. Bf4 Nxc3 14. Qxc3 d5 15. Ne5 $14 {Bodiroga,P-Perunovic,M/Kragujevac 2000/
EXT 2001}) 10... Ne4 11. Nc4 d6 12. Qc2 Qb7 13. Ne1 Nf6 14. f3 d5 15. Ne5 Nfd7
$132 {Goloshchapov,A-Sambuev,B/St Petersburg 2000/EXT 2001}) (9. Nc3 Bb4 10.
Bb2 O-O 11. Ne5 Bxg2 12. Kxg2 Qc8 13. Na4 Qb7+ 14. f3 Na6 $13 {Siegel,
G-Doering,T/Germany 1993/GER}) (9. Ba3 Bb4 10. Ne5 Bxg2 11. Kxg2 Qc8 12. e3
Qb7+ 13. Qf3 Qxf3+ 14. Kxf3 d6 15. Nd3 Bxa3 16. Nxa3 $14 {Kopjonkin,G-Tunik,G/
Smolensk 2000/CBM 77}) (9. Bb2 Qc8 10. Nc3 Bb4 11. d5 Bxc3 12. Bxc3 Bxd5 13.
Bxf6 gxf6 14. Qd4 Qd8 15. Qg4 $44 {Zontakh,A-Sakaev,K/Vrnjacka Banja 1999/EXT
2000}) 9... Be7 10. Nc3 (10. Qc2 Na6 11. Nc3 Nb4 12. Qb2 O-O 13. a3 $14 {
Epishin,V-Kengis,E/Parnu 1996/CBM 52}) (10. Bxf6 Bxf6 11. Nc3 d5 12. Qc2 O-O
13. Rfd1 Ra6 14. Rac1 Qd6 15. Bf1 Rb6 16. e4 $14 {Tunik,G-Ivanov,T/Pardubice
1996/CBM 55}) 10... O-O 11. Rc1 Na6 12. Bxf6 {White could wait with this move.
For example} (12. Qc2 $5 h6 13. Bxf6 Bxf6 14. e4 Bb7 15. Rfd1 $14) 12... Bxf6
13. e4 Bb7 14. e5 Be7 15. d5 $2 {This move is either blunder either
unjustified sacrifice- in any case after it black gets significient advantage,
which he easily transfers into the point.} Ba3 16. Rc2 (16. Rb1 Bb4 17. Rc1
Bxc3 18. Rxc3 Bxd5 $17) 16... exd5 (16... Nb4 $6 17. Nb5 $1 Nxc2 18. Qxc2 Bb4
19. Nxc7 Rc8 20. d6 $13) 17. Nd4 c6 $17 {White has no serious attacking
chanses ans witth couple of accurate moves black deprives white of any
counterpay.} 18. f4 Re8 19. Kh1 Bf8 20. Qg4 Nc5 21. h4 (21. Nf5 g6 (21... Kh8
$2 22. Nxd5 cxd5 23. Rxc5 $14 {[%csl Rg7]}) 22. Nd6 Bxd6 23. exd6 Ba6 24. Rfc1
Bd3 25. Rd2 Qf6 $19) 21... d6 $5 22. h5 (22. Nf5 g6 23. Nxd6 Bxd6 24. exd6 Qxd6
$17) 22... Qd7 23. Nf5 Kh8 $1 24. Qg5 (24. Nd1 g6 25. Nfe3 dxe5 26. fxe5 Qxg4
27. Nxg4 gxh5 $19) 24... h6 25. Qg4 dxe5 26. fxe5 Rxe5 $19 {It's all over now.}
27. Rcf2 (27. Ne2 Ba6) 27... Ba6 28. Rd1 Rae8 29. Kh2 Nd3 30. Rf3 Ne1 31. Rxe1
Rxe1 32. Qd4 R1e5 33. Bh3 Bc8 34. Qh4 Qc7 35. Rf2 Bxf5 36. Bxf5 Bd6 (36... Be7
$5) 37. Rf3 Re3 38. Qg4 Rxf3 39. Qxf3 Bxg3+ 40. Kg2 Be5 41. Nd1 Bd4 42. Bd3 Qe7
43. Kh3 Kg8 44. a4 Qg5 45. Qf5 Qxf5+ 46. Bxf5 Re2 47. Nc3 Bxc3 0-1